000 00672nam a2200205 a 4500
001 000027827
005 20240412074253.0
008 110405s1987 dr r 000 p spa d
040 _aDO-SdBNP
_bspa
_cBNPHU
082 _aRD861.44
_bE82a
100 1 _aEstrella R. Victor
_954899
245 1 0 _aAgonía /
_cVíctor Estrella R. ; prólogo Hugo R. Gil.
260 _aSantiago de los caballeros, República Dominicana :
_bCentral,
_c1987.
300 _a52 p. ;
_c21 cm.
590 _aInventariado, 2018/BT
650 0 _aPoesía dominicana
_966
650 0 _aLiteratura dominicana.
_967
700 1 2 _aGil, Hugo R.,
_epról.
_954900
910 _aValidado. Control de calidad. MFF
999 _c27319
_d27319